The collected letters of Oliver Goldsmith /

Saved in:
Bibliographic Details
Main Author: Goldsmith, Oliver, 1728-1774
Other Authors: Balderston, Katharine Canby, 1895-, Hodson, Catherine (Goldsmith), b. 1721
Format: Book
Language:English
Published: Cambridge : (Cambridge : The University Press, W. Lewis) 1928 ;
Subjects:
LEADER 01562nam a2200313 a 4500
001 c000363026
003 CARM
005 19991206203901.0
008 851113s1928 enk 000 0 eng d
010 |a 29000503 
019 1 |a 4149919  |z 42754372  |5 LACONCORD2021 
035 |a (OCoLC)1306419  |5 LACONCORD2021 
040 |a ANL  |b eng  |c ANL  |d ANL:NR 
050 0 0 |a PR3493  |b .A3 1928 
082 0 4 |a 826.6 
100 1 |a Goldsmith, Oliver,  |d 1728-1774. 
245 1 4 |a The collected letters of Oliver Goldsmith /  |c edited by Katharine C. Balderston. 
260 |a Cambridge :  |b The University Press,  |c 1928 ;  |a (Cambridge :  |b W. Lewis) 
300 |a li, 190 p. ;  |c 21 cm. 
500 |a Accompanied by a facsimile of a letter from Goldsmith to Langton and a newspaper clipping available in the Rare Book room. 
500 |a Contains the text of Mrs. Hodson's narrative of Goldsmith's early life. 
505 0 |a Introduction.--Letters.--Appendix: I. Doubtful letters.--II. Forged letters.--III. The text of Mrs. Hodson's narrative of Goldsmith's early life. List of correspondents, alphabetically arranged. Index. 
600 1 0 |a Goldsmith, Oliver,  |d 1730?-1774  |x Correspondence. 
650 0 |a Authors, Irish  |y 18th century  |x Correspondence. 
700 1 |a Balderston, Katharine Canby,  |d 1895- 
700 1 |a Hodson, Catherine (Goldsmith),  |d b. 1721. 
852 8 |b CARM  |h A1:AP20G0  |i A04403  |p 0353207  |f BK 
999 f f |i 5f5d9425-27fc-53c3-8f6e-bd73eeaeb853  |s 5b790ea5-1b2e-599c-84fa-048f941c18d2 
952 f f |p Can circulate  |a CAVAL  |b CAVAL  |c CAVAL  |d CARM 1 Store  |e A04403  |f A1:AP20G0  |h Other scheme  |i book  |m 0353207